[Event "UZB-ch (Women)"]
[Site "Tashkent"]
[Date "2022.04.19"]
[Round "5"]
[White "Khabibullaeva, Mokhinur"]
[Black "Omonova, Umida"]
[Result "0-1"]
[WhiteElo "1459"]
[BlackElo "2148"]
[PlyCount "58"]
[EventDate "2022.04.15"]
[EventType "tourn"]
[EventRounds "9"]
[EventCountry "UZB"]
[SourceTitle "EXT 2023"]
[Source "ChessBase"]
[SourceDate "2022.10.05"]
[SourceVersion "1"]
[SourceVersionDate "2022.10.05"]
[SourceQuality "1"]

1. d4 Nf6 2. Bf4 d5 3. e3 c5 4. Nc3 a6 5. dxc5 Nc6 6. a3 e5 7. Bg5 Be6 8. b4 Be7 9. Nf3 0-0 10. Be2 h6 11. Bh4 Qc7 12. Bxf6 Bxf6 13. e4 dxe4 14. Nxe4 Be7 15. 0-0 Rad8 16. Qe1 f5 17. Ng3 e4 18. Nd2 Bf6 19. Bc4 Qf7 20. Bxe6 Qxe6 21. Rd1 Nd4 22. c4 Nc2 23. Qe2 Nxa3 24. Nb3 Bc3 25. Qe3 Qxc4 26. Na5 Qxb4 27. Nxb7 Rxd1 28. Rxd1 f4 29. Qxe4 fxg3 0-1

[Event "UZB-ch (Women)"]
[Site "Tashkent"]
[Date "2022.04.18"]
[Round "4"]
[White "Abdusattorova, Bakhora"]
[Black "Khabibullaeva, Mokhinur"]
[Result "1-0"]
[WhiteElo "2080"]
[BlackElo "1459"]
[PlyCount "93"]
[EventDate "2022.04.15"]
[EventType "tourn"]
[EventRounds "9"]
[EventCountry "UZB"]
[SourceTitle "EXT 2023"]
[Source "ChessBase"]
[SourceDate "2022.10.05"]
[SourceVersion "1"]
[SourceVersionDate "2022.10.05"]
[SourceQuality "1"]

1. d4 Nf6 2. c4 g6 3. Nc3 Bg7 4. e4 d6 5. Nge2 0-0 6. Ng3 c6 7. h4 h5 8. Be2 e5 9. d5 Ng4 10. f3 Nh6 11. Bg5 f6 12. Be3 f5 13. exf5 Nxf5 14. Nxf5 gxf5 15. Qd2 f4 16. Bf2 Bf5 17. 0-0-0 c5 18. Bd3 Nd7 19. Bxf5 Rxf5 20. Qc2 Qf8 21. Ne4 Rf7 22. Ng5 Rf5 23. Rdg1 Qf6 24. Ne4 Qf8 25. Nxd6 Rf6 26. Ne4 Ra6 27. Kb1 Qf5 28. g4 fxg3 29. Rxg3 Rg6 30. Rxg6 Qxg6 31. Rg1 Qf5 32. Nxc5 Qxc2+ 33. Kxc2 Nxc5 34. Bxc5 Rc8 35. b4 b6 36. Bd6 Kf7 37. c5 Bf6 38. Kd3 Bxh4 39. c6 Bf6 40. Ke4 Re8 41. Bc7 h4 42. d6 Rc8 43. Kd5 Rg8 44. Rxg8 Kxg8 45. d7 h3 46. Bxe5 Bd8 47. c7 1-0